000 003260000a22001450004500
001 004703
003 MACL
040 _aMACL
090 _c16696
_d16695
100 _aPal, Pratapaditya
245 _aNepal
_bOld Images, New Insights
_cPratapaditya Pal
260 _aMark Publications
650 _aReligion
942 _k294
_cBook
999 _c16590
_d16590